San Francisco Giants Opening Day Left Fielders - Statistics

General Stats
  • This quiz has been taken 28 times
  • The average score is 7 of 14
Answer Stats
Year Left Fielder % Correct
2016 Angel Pagan
68%
2007 Barry Bonds
68%
2018 Hunter Pence
64%
2019 Connor Joe
55%
2011 Pat Burrell
55%
2020 Alex Dickerson
50%
2013 Andres Torres
45%
2012 Aubrey Huff
45%
2009 Fred Lewis
45%
2015 Nori Aoki
41%
2017 Jarrett Parker
36%
2014 Michael Morse
36%
2008 Dave Roberts
32%
2010 Mark DeRosa
32%
No matching quizzes found
Score Distribution
Percent of People with Each Score
Percentile by Number Answered
Your Score History
You have not taken this quiz